Republic at risk self-interest in American Politics (Record no. 3074)
[ view plain ]
| 000 -LEADER | |
|---|---|
| fixed length control field | 00363nam a22001337a 4500 |
| 008 - FIXED-LENGTH DATA ELEMENTS--GENERAL INFORMATION | |
| fixed length control field | 250422b |||||||| |||| 00| 0 eng d |
| 020 ## - INTERNATIONAL STANDARD BOOK NUMBER | |
| ISBN | 053411610 |
| 100 ## - MAIN ENTRY--AUTHOR | |
| Author | Stone J. Walter |
| 245 ## - TITLE STATEMENT | |
| Title | Republic at risk self-interest in American Politics |
| 260 ## - PUBLICATION, DISTRIBUTION, ETC. (IMPRINT) | |
| Place of publication | USA |
| Name of publisher | Brooks/Cole publishing Company |
| Date of publication | 1990 |
| 300 ## - COLLATION | |
| Pagination | 264p. |
| 942 ## - ADDED ENTRY ELEMENTS (KOHA) | |
| Item type | Books |
| 050 ## - LIBRARY OF CONGRESS CALL NUMBER | |
| Classification number | JK 1118.5 |
| Item number | .S76 |
| Source of classification or shelving scheme | Not for loan | Permanent location | Current location | Date acquired | Accession No. | Full call number | Barcode. | Koha item type |
|---|---|---|---|---|---|---|---|---|
| Library of Congress Classification | Samuel Ogbemudia Main Library, University of Abuja | Samuel Ogbemudia Main Library, University of Abuja | 04/22/2025 | 2006/32078 | JK 1118.5.S76 | 2025-1484 | Books |